| 000 | 01037cam a22002414a 4500 | ||
|---|---|---|---|
| 999 |
_c58119 _d58119 |
||
| 001 | 13612621 | ||
| 005 | 20210618141855.0 | ||
| 008 | 040603s2005 enka b 001 0 eng | ||
| 020 | _a9780415352086 | ||
| 041 | _aeng | ||
| 080 | _a376 C-95 | ||
| 245 | 0 | 0 |
_aCurriculum and pedagogy in inclusive education : _bvalues into practice / _cedited by Melanie Nind ... [et al.]. |
| 264 |
_aNew York : _bRoutledgeFalmer, _c2005. |
||
| 300 |
_a256 p. : _bill. ; _c25 cm. |
||
| 653 | _aინკლუზიური განათლება | ||
| 653 | _aსასწავლო გეგმა და პედაგოგიკა ინკლუზიურ განათლებაში | ||
| 653 | _aИнклюзивное образование | ||
| 700 | 1 |
_aNind, Melanie _eრედაქტორი _912093 |
|
| 700 | 1 |
_aRix, Jonathan _eრედაქტორი _912094 |
|
| 700 | 1 |
_aSheehy, Kieron _eრედაქტორი _912095 |
|
| 700 | 1 |
_aSimmons, Katy _eრედაქტორი _912096 |
|
| 942 |
_2udc _cBK |
||